| 000 | 01054nam a2200313 i 4500 | ||
|---|---|---|---|
| 003 | DO-SdBNP | ||
| 005 | 20240502120009.0 | ||
| 006 | a||||er|||| 00| 0 | ||
| 007 | ta | ||
| 008 | 230802e19952022dr ac||| |||| 00| e spa d | ||
| 020 | _a9789945222425 | ||
| 040 |
_aDO-SdBNP _bspa _cBNPHU _erda |
||
| 082 | 4 |
_222 _a320.011 _bB828m, 2022 |
|
| 100 | 1 |
_aBrea, Leonte _93365 _eautor |
|
| 245 |
_aEl manejo del poder : _banálisis, tácticas y estrategias. / _cLeonte Brea |
||
| 250 | _a2a. edición ampliada | ||
| 264 |
_aSanto Domingo : _bBúho, _c2023 |
||
| 300 |
_a418 páginas : _bIlustraciones, retrato ; _c22 cm |
||
| 336 |
_2rdacontent _atexto _btxt |
||
| 337 |
_2rdamedia _asin medición _bn |
||
| 338 |
_2rdacarrier _avolumen _bnc |
||
| 500 | _aIncluye datos biográficos del autor en la solapa de la contracubierta. | ||
| 500 | _aIncluye bibliografía y notas al pie de páginas | ||
| 590 | _aInventariado 2023 / MF | ||
| 650 | 0 |
_aPartidos políticos _93367 |
|
| 650 | 0 |
_aCampañas políticas _93368 |
|
| 650 |
_aLiderazgo _9115 |
||
| 942 |
_2ddc _cLBS1 |
||
| 999 |
_c54300 _d54300 |
||